Country flags with blue removed - Statistics

General Stats
  • This quiz has been taken 14 times
  • The average score is 13 of 16
Answer Stats
Picture Answer % Correct
Australia
93%
France
93%
North Korea
93%
South Korea
93%
Sweden
93%
United States
93%
Iceland
86%
Malaysia
86%
Romania/Chad
86%
The Philippines
86%
Panama
79%
Ukraine
79%
Uruguay
79%
Democratic republic of the Congo
71%
Bosnia & Herzegovina
57%
Chile
50%
No matching quizzes found
Score Distribution
Percent of People with Each Score
Percentile by Number Answered
Your Score History
You have not taken this quiz